Astronomy and Astrophysics Abstracts (Record no. 12043)

MARC details
000 -LEADER
fixed length control field 00572nam a2200193Ia 4500
003 - CONTROL NUMBER IDENTIFIER
control field IN-BaIIA
008 - FIXED-LENGTH DATA ELEMENTS--GENERAL INFORMATION
fixed length control field 211028s9999 xx 000 0 eng d
020 ## - INTERNATIONAL STANDARD BOOK NUMBER
International Standard Book Number 3-540-61552-0
040 ## - CATALOGING SOURCE
Transcribing agency IIA Library
080 ## - UNIVERSAL DECIMAL CLASSIFICATION NUMBER
Universal Decimal Classification number 048.1:52
Item number 64A
100 ## - MAIN ENTRY--PERSONAL NAME
Personal name Burkhardt, G.
245 #0 - TITLE STATEMENT
Title Astronomy and Astrophysics Abstracts
Remainder of title vol. 64A, pt. 2
Statement of responsibility, etc. Burkhardt, G., Esser, U. and Hefele, H.
260 ## - PUBLICATION, DISTRIBUTION, ETC.
Place of publication, distribution, etc. Berlin
Name of publisher, distributor, etc. Springer-Verlag
Date of publication, distribution, etc. 1996
300 ## - PHYSICAL DESCRIPTION
Extent x, 703p
650 ## - SUBJECT ADDED ENTRY--TOPICAL TERM
Topical term or geographic name entry element Astronomy and Astrophysics Abstracts
9 (RLIN) 6052
700 ## - ADDED ENTRY--PERSONAL NAME
Personal name Esser, U.
9 (RLIN) 9455
700 ## - ADDED ENTRY--PERSONAL NAME
Personal name Hefele, H.
9 (RLIN) 9915
942 ## - ADDED ENTRY ELEMENTS (KOHA)
Koha item type Books
Holdings
Withdrawn status Lost status Source of classification or shelving scheme Damaged status Not for loan Home library Current library Shelving location Date acquired Source of acquisition Cost, normal purchase price Total Checkouts Full call number Barcode Date last seen Cost, replacement price Price effective from Koha item type Purchase Price
    Dewey Decimal Classification     IIA Library-Bangalore IIA Library-Bangalore General Stacks 24/02/1997 EDS 5186.32   048.1:52/ AAA-64A 12959 05/11/2021 5186.32 24/02/1997 Books Rs. 5186.32

Powered by Koha